000 00353 a2200169 4500
001 58122
020 _a8571490368
040 _cAnchieta - Pituba
100 _aVelloso, Mabel
240 1 0 _aJanelas
_lpor
245 1 0 _aJanelas
300 _a82
362 0 _a1990
440 1 _aEmpresa Gráfica da Bahia
650 4 _aPoesia brasileira
942 _cBK
999 _c58122
_d58122